000 00957nas a2200265 454500
001 34214
005 20260407193509.0
008 260407s1997####ag###########|||spa#d
003 AR-UNSa-BCEJYS
040 _aAR-UNSa-BCEJYS
_bspa
_cAR-UNSa-BCEJYS
080 _a311.3
_xOrganización general de las estadisticas. Estadística oficial
245 1 0 _aAnuario estadístico de la Provincia de Salta
022 _a1851-0078
264 1 _aSalta :
_bDirección General de Estadística
_c1997
310 _aFrecuencia: Anual Anuario 2008 ISBN:978-987-23482-3-6 Anuario 2011 ISBN:978-987-23482-6-7
041 _aspa
942 _cSER
590 _aniveau_biblio:s niveau_hierar:1
100 1 _aSalta. Dirección General de Estadísticas
650 _aGeografía
650 _aDatos estadísticos
650 _aPoblación
650 _aSalta
856 4 1 _uhttps://biblioeco.unsa.edu.ar/pmb/images/revistas/anuario_estadistico.jpg
_yImagen de portada
_qimage/jpeg
999 _c8743
_d8743